Statistics for Anime by Character

Click here to take the quiz!

General Stats

  • This quiz has been taken 253 times
  • The average score is 10 of 15

Answer Stats

HintAnswer% Correct
Monkey D. LuffyOne Piece
99%
VegetaDragon Ball Z
92%
Izuku MidoriyaMy Hero Academia
90%
Ichigo KurosakiBleach
89%
Edward ElricFullmetal Alchemist
88%
Erza ScarletFairy Tail
86%
Sebastian MichaelisBlack Butler
77%
Asuna YuukiSword Art Online
75%
Spike SpiegelCowboy Bebop
65%
GutsBerserk
48%
Vash the StampedeTrigun
42%
Kenshin HimuraRurouni Kenshin
33%
Rin TohsakaFate/Stay Night
31%
HoloSpice and Wolf
23%
Tenma TsukamotoSchool Rumble
15%

Score Distribution

Percentile by Number Answered

Percent of People with Each Score

Your Score History

You have not taken this quiz